[Event "Buryatia-ch Superfinal 2nd"]
[Site "Ulan-Ude"]
[Date "2014.01.08"]
[Round "5"]
[White "Orshonova, Elena"]
[Black "Badmatsyrenov, Oleg"]
[Result "0-1"]
[WhiteElo "1849"]
[BlackElo "2493"]
[PlyCount "84"]
[EventDate "2014.01.05"]
[EventType "swiss"]
[EventRounds "9"]
[EventCountry "RUS"]
[SourceTitle "EXT 2015"]
[Source "ChessBase"]
[SourceDate "2014.11.20"]
[SourceVersion "1"]
[SourceVersionDate "2014.11.20"]
[SourceQuality "1"]

1. e4 g6 2. d4 Bg7 3. c4 c5 4. d5 d6 5. Nc3 e6 6. Bd3 Ne7 7. Nf3 a6 8. a4 Nd7 9. 0-0 0-0 10. Bd2 h6 11. Re1 e5 12. Qc1 Kh7 13. Ne2 f5 14. b4 Nf6 15. Ng3 cxb4 16. Bxb4 a5 17. Bc3 f4 18. Nf1 Nd7 19. N3d2 Nc5 20. Bc2 g5 21. Nb3 Nxb3 22. Bxb3 Ng6 23. Bd1 g4 24. Bd2 b6 25. f3 gxf3 26. Bxf3 Ra7 27. Ra3 Bf6 28. Kf2 Bh4+ 29. g3 fxg3+ 30. hxg3 Raf7 31. Bxh6 Rh8 32. gxh4 Qxh4+ 33. Ke2 Qxh6 34. Qxh6+ Kxh6 35. Ng3 Kg7 36. Rh1 Rxh1 37. Bxh1 Bg4+ 38. Bf3 Rxf3 39. Rxf3 Nh4 40. Nf5+ Nxf5 41. exf5 e4 42. f6+ Kf7 0-1

[Event "Buryatia-ch Superfinal 2nd"]
[Site "Ulan-Ude"]
[Date "2014.01.07"]
[Round "4"]
[White "Leonov, Mikhail1111"]
[Black "Orshonova, Elena"]
[Result "0-1"]
[WhiteElo "2083"]
[BlackElo "1849"]
[PlyCount "126"]
[EventDate "2014.01.05"]
[EventType "swiss"]
[EventRounds "9"]
[EventCountry "RUS"]
[SourceTitle "EXT 2015"]
[Source "ChessBase"]
[SourceDate "2014.11.20"]
[SourceVersion "1"]
[SourceVersionDate "2014.11.20"]
[SourceQuality "1"]

1. e4 e5 2. Nf3 Nc6 3. Bb5 a6 4. Bxc6 dxc6 5. d3 Bd6 6. 0-0 Ne7 7. Na3 Bg4 8. h3 Bh5 9. Nc4 f6 10. Rb1 Qd7 11. Ne3 0-0-0 12. b4 Bf7 13. a4 Ng6 14. Nf5 Bf8 15. Qe1 b5 16. Qe3 Kb7 17. Nd2 Nf4 18. axb5 cxb5 19. Nb3 Bxb3 20. Rxb3 g6 21. Ng3 Ne6 22. Ne2 Nd4 23. Nxd4 exd4 24. Qf3 Qc6 25. Rb2 h5 26. Bd2 Bd6 27. Ra1 Be5 28. Rba2 Ra8 29. Bf4 Rhf8 30. Bg3 Qd6 31. Rb1 Rad8 32. Rb3 Qc6 33. Rba3 Ra8 34. Bxe5 fxe5 35. Qe2 Qd6 36. Qe1 Rf6 37. c4 dxc3 38. Rxc3 Qd4 39. Rac2 Rc8 40. Kh1 c6 41. Ra3 Rcf8 42. f3 Ra8 43. Rca2 g5 44. Qa1 Qxa1+ 45. Rxa1 Kb6 46. Rc1 a5 47. bxa5+ Rxa5 48. Rb3 Rd6 49. h4 gxh4 50. Rc2 Ra8 51. Kh2 Rad8 52. Rcc3 Rg8 53. Rc2 Rgd8 54. Rcc3 c5 55. Kh3 b4 56. Kxh4 Kb5 57. Rc1 Rxd3 58. Rxd3 Rxd3 59. Re1 b3 60. f4 exf4 61. e5 Re3 62. Rf1 Rxe5 63. Rxf4 c4 0-1

[Event "Buryatia-ch Superfinal 2nd"]
[Site "Ulan-Ude"]
[Date "2014.01.06"]
[Round "2"]
[White "Angarov, Dmitriy"]
[Black "Orshonova, Elena"]
[Result "1-0"]
[WhiteElo "1970"]
[BlackElo "1849"]
[PlyCount "69"]
[EventDate "2014.01.05"]
[EventType "swiss"]
[EventRounds "9"]
[EventCountry "RUS"]
[SourceTitle "EXT 2015"]
[Source "ChessBase"]
[SourceDate "2014.11.20"]
[SourceVersion "1"]
[SourceVersionDate "2014.11.20"]
[SourceQuality "1"]

1. e4 e5 2. Nf3 Nc6 3. Bc4 Bc5 4. d3 Nf6 5. 0-0 d6 6. c3 0-0 7. Bg5 h6 8. Bh4 Bg4 9. h3 Bh5 10. Nbd2 Re8 11. Re1 a6 12. a4 Ba7 13. a5 Nb8 14. Nf1 Nbd7 15. Ne3 c6 16. Nf5 Qc7 17. g4 Bg6 18. Ba2 d5 19. Nd2 dxe4 20. dxe4 Rad8 21. Qf3 Bxf5 22. Qxf5 Nc5 23. Bxf6 gxf6 24. Qg6+ Kf8 25. Qxh6+ Ke7 26. Bxf7 Rf8 27. Bc4 Nd3 28. Rf1 Qd6 29. Nb3 Nxb2 30. Qg7+ Ke8 31. Qxb7 Bxf2+ 32. Kxf2 Nxc4 33. Rfd1 Nxa5 34. Nxa5 Qc5+ 35. Ke2 1-0

[Event "Irkutsk Baykal op"]
[Site "Irkutsk"]
[Date "2012.06.10"]
[Round "9"]
[White "Sidorov, Anton"]
[Black "Orshonova, Elena"]
[Result "0-1"]
[WhiteElo "1878"]
[BlackElo "1867"]
[PlyCount "84"]
[EventDate "2012.06.02"]
[EventType "swiss"]
[EventRounds "9"]
[EventCountry "RUS"]
[SourceTitle "EXT 2014"]
[Source "ChessBase"]
[SourceDate "2013.11.20"]
[SourceVersion "1"]
[SourceVersionDate "2013.11.20"]
[SourceQuality "1"]

1. Nf3 d5 2. g3 c5 3. Bg2 Nc6 4. d3 e5 5. 0-0 f6 6. e4 d4 7. c3 Bd6 8. cxd4 cxd4 9. a3 Be6 10. Nbd2 Nge7 11. b4 Qd7 12. Nb3 0-0 13. Nh4 Bh3 14. f4 Bxg2 15. Nxg2 a6 16. f5 Nc8 17. Qf3 N8a7 18. Bd2 Rac8 19. g4 b6 20. h4 Qf7 21. Nc1 a5 22. bxa5 Nxa5 23. g5 Nb5 24. a4 Nc3 25. Qg4 fxg5 26. hxg5 g6 27. Bxc3 dxc3 28. Ne2 Be7 29. Qg3 Nb3 30. Rad1 Nd2 31. Rf2 Bc5 32. Ne3 Qd7 33. Nd5 gxf5 34. Nf6+ Rxf6 35. gxf6+ Kh8 36. Kh1 Bxf2 37. Qxf2 Qxd3 38. Ng1 Nxe4 39. Qg2 Rg8 40. f7 Rxg2 41. f8Q+ Rg8 42. Qe7 Nf2+ 0-1

[Event "Irkutsk Baykal op"]
[Site "Irkutsk"]
[Date "2012.06.06"]
[Round "5"]
[White "Eliseev, Nikolay"]
[Black "Orshonova, Elena"]
[Result "1-0"]
[WhiteElo "2104"]
[BlackElo "1867"]
[PlyCount "71"]
[EventDate "2012.06.02"]
[EventType "swiss"]
[EventRounds "9"]
[EventCountry "RUS"]
[SourceTitle "EXT 2014"]
[Source "ChessBase"]
[SourceDate "2013.11.20"]
[SourceVersion "1"]
[SourceVersionDate "2013.11.20"]
[SourceQuality "1"]

1. b3 d5 2. Bb2 Nf6 3. e3 Bf5 4. Nf3 e6 5. c4 c6 6. Be2 Nbd7 7. 0-0 Bd6 8. d3 0-0 9. Nbd2 Bg6 10. Nh4 Qc7 11. h3 h6 12. Nxg6 fxg6 13. Rc1 Qb6 14. a3 Qd8 15. Nf3 Qe7 16. b4 g5 17. c5 Bc7 18. Nh2 e5 19. Qc2 e4 20. Ng4 Nxg4 21. Bxg4 exd3 22. Qxd3 Ne5 23. Qd4 Nc4 24. Rxc4 dxc4 25. Qxc4+ Kh8 26. Qc3 Rad8 27. e4 Qf6 28. e5 Qg6 29. e6 Rd3 30. Bh5 Qh7 31. e7 Rg8 32. Qe1 Qf5 33. e8Q Rxh3 34. Qxg8+ Kxg8 35. Qe8+ Kh7 36. Bg6+ 1-0

[Event "World School-ch U15 Girls 8th"]
[Site "Iasi"]
[Date "2012.05.05"]
[Round "8"]
[White "Orshonova, Elena"]
[Black "Bagirova, Khatun"]
[Result "0-1"]
[WhiteElo "1867"]
[BlackElo "1868"]
[PlyCount "92"]
[EventDate "2012.04.28"]
[EventType "swiss"]
[EventRounds "9"]
[EventCountry "ROU"]
[SourceTitle "EXT 2013"]
[Source "ChessBase"]
[SourceDate "2012.11.22"]
[SourceVersion "1"]
[SourceVersionDate "2012.11.22"]
[SourceQuality "1"]

1. e4 c5 2. Nf3 d6 3. d4 cxd4 4. Nxd4 Nf6 5. Nc3 a6 6. Be3 e6 7. Be2 Be7 8. 0-0 0-0 9. f3 Qc7 10. f4 Nc6 11. Bf3 Na5 12. Rb1 Nc4 13. Bc1 Rb8 14. b3 Na5 15. Bb2 b5 16. Nce2 Bb7 17. Ng3 Rbc8 18. Qd3 Nd7 19. Rf2 Rfe8 20. Rd2 Bf8 21. Kh1 Nc6 22. Nxc6 Bxc6 23. Rbd1 Nc5 24. Qd4 Rcd8 25. Nh5 e5 26. Qe3 exf4 27. Qxf4 Ne6 28. Qg3 Kh8 29. Bg4 Bxe4 30. Bxe6 fxe6 31. Rf1 e5 32. h3 Bg6 33. Qg4 Qc8 34. Qd1 Be7 35. Ba3 Qc6 36. Qg4 Rf8 37. Rfd1 a5 38. Ng3 b4 39. Bb2 Qc8 40. Qe2 Qc6 41. Kh2 Bg5 42. Rd5 Bxc2 43. Rxd6 Bxd1 44. Qxe5 Qb7 45. Nf5 Rxd6 46. Nxg7 Bf4+ 0-1

[Event "World School-ch U15 Girls 8th"]
[Site "Iasi"]
[Date "2012.05.02"]
[Round "5"]
[White "Orshonova, Elena"]
[Black "Saikhanzaya, Ganbaatar"]
[Result "1-0"]
[WhiteElo "1867"]
[BlackElo "1816"]
[PlyCount "55"]
[EventDate "2012.04.28"]
[EventType "swiss"]
[EventRounds "9"]
[EventCountry "ROU"]
[SourceTitle "EXT 2013"]
[Source "ChessBase"]
[SourceDate "2012.11.22"]
[SourceVersion "1"]
[SourceVersionDate "2012.11.22"]
[SourceQuality "1"]

1. e4 e6 2. d4 d5 3. e5 c5 4. c3 Nc6 5. a3 Qb6 6. Nf3 Bd7 7. b4 cxb4 8. axb4 Rc8 9. Bd3 a5 10. bxa5 Nxa5 11. 0-0 Nb3 12. Ra2 Nxc1 13. Qxc1 g6 14. Re1 Ne7 15. Ree2 Nc6 16. Reb2 Qc7 17. Na3 Nb4 18. Nb5 Qc6 19. Rxb4 Bxb4 20. Rb2 Be7 21. Na7 Qxc3 22. Rc2 Qxd3 23. Nxc8 Ba3 24. Nd6+ Kf8 25. Ne1 Qa6 26. Qh6+ Kg8 27. Rc8+ Bxc8 28. Ne8 1-0